000
00233nam a2200097 a 4500
008
111125s2008|||| d
245
1
0
_a
Ustrzyki dolne
260
_b
Urzad Miejski
_a
Ustrzyski Dolnie
_c
2008
020
_c
150
044
_a
Sk
999
_c
19887
_d
19887